Limnology in North America.

Bibliographic Details
Main Author: Frey, David G. (David Grover), 1915-1992
Format: Book
Language:English
Published: Madison : University of Wisconsin Press, 1963.
Subjects:

MARC

Tag First Indicator Second Indicator Subfields
LEADER 00000cam a22000001 4500
001 in00000041696
005 20151007074711.0
008 731030s1963 wiuabc b 00000 eng
010 |a  63007540  
035 |a (OCoLC)00192795 
035 |9 AAF1949AM 
040 |a DLC  |c DLC  |d CHS  |d TXA  |d UtOrBLW 
043 |a n------ 
049 |a TXAM  |c [359971] 
050 0 |a QH96  |b .F7 
082 0 |a 551.48097 
090 |a QH96  |b .F7 1963 
092 |a 551.48  |b F893, 1963 
096 |a QH 96 F893 1963 
100 1 |a Frey, David G.  |q (David Grover),  |d 1915-1992. 
245 1 0 |a Limnology in North America. 
264 1 |a Madison :  |b University of Wisconsin Press,  |c 1963. 
300 |a xvii, 734 pages :  |b illustrations, portraits, maps. ;  |c 27 cm. 
336 |a text  |b txt  |2 rdacontent 
337 |a unmediated  |b n  |2 rdamedia 
338 |a volume  |b nc  |2 rdacarrier 
504 |a Includes bibliographies. 
536 |a From the library of Dr. Takashi Ichiye, May 2004. 
650 0 |a Limnology  |z North America. 
999 |a MARS 
999 f f |s 2de7fe15-6576-310e-9e27-5d715fd4156e  |i c129d55d-0826-3796-b051-1aa6610b5b82  |t 0 
952 f f |p ric  |a Texas A&M University  |b Rellis Campus  |c Joint Library Facility  |d Remote Storage  |t 0  |e QH96 .F7 1963  |h Library of Congress classification  |i unmediated -- volume  |m A14831986325 
998 f f |a QH96 .F7 1963  |t 0  |l Remote Storage